| Поле | Инд. | ПП | Название | Значение |
|---|---|---|---|---|
| Тип записи | a | |||
| Библиографический уровень | m | |||
| 001 | Контрольный номер | RU\CSU\Knigi\50129 | ||
| 005 | Дата корректировки | 20150513113647.5 | ||
| 008 | Кодируемые данные | 080221s2005 a j 001 0 rus u | ||
| 020 | a | ISBN | 5-9221-0123-4 | |
| 040 | a | Служба первич. каталог. | 45413096 | |
| d | Организация, изменившая запись | НБ ТвГУ | ||
| 041 | a | Код языка текста | rus | |
| h | Код языка оригинала | rus | ||
| 080 | a | Индекс УДК | 530.1(075.8) | |
| 080 | a | Индекс УДК | 537.8(075.8) | |
| 084 | a | Индекс другой классификации/Индекс ББК | В31я73-1 | |
| 084 | a | Индекс другой классификации/Индекс ББК | В313.22я73-1 | |
| 090 | a | Полочн. индекс | В31 | |
| x | Авторский знак | Л 22 | ||
| 100 | 1_ | a | Автор | Ландау Лев Давидович |
| q | Полное имя | Ландау Л. Д. | ||
| 245 | a | Заглавие | Теоретическая физика | |
| b | Продолж. заглавия | в 10 томах : учебное пособие для студентов физических специальностей университетов | ||
| c | Ответственность | под ред. Л. П. Питаевского | ||
| n | Номер части/ раздела | Т. 8 | ||
| p | Название части/ раздела | Электродинамика сплошных сред | ||
| 250 | a | Основные сведения об издании | Изд. 4-е изд., стер. | |
| 260 | a | Место издания | Москва | |
| b | Издательство | Физматлит | ||
| c | Дата издания | 2005 | ||
| 300 | a | Объем | 651 с. | |
| b | Иллюстрации/ тип воспроизводства | ил. | ||
| 504 | a | Библиография | Библиогр. в подстроч. примеч. | |
| 504 | a | Библиография | Предм. указ.: с. 646-651 | |
| 520 | a | Аннотация | Восьмой том «Теоретической физики» посвящен теории электромагнитных полей в материальных средах и теории макроскопических электрических и магнитных свойств вещества. | |
| 3 | -е изд., исправленное, вышло в 1992 г. | |||
| Д | ля студентов старших курсов физических специальностей вузов, а также аспирантов и научных работников, специализирующихся в области теоретической физики. | |||
| 653 | a | Ключевые слова | Сплошные среды | |
| a | Ключевые слова | Теоретическая физика | ||
| a | Ключевые слова | Учебники для вузов | ||
| a | Ключевые слова | Физика | ||
| a | Ключевые слова | Электродинамика сплошных сред | ||
| 700 | 1_ | a | Другие авторы | Лифшиц Евгений Михайлович |
| q | Полное имя | Лифшиц, Е. М. | ||
| 700 | 1_ | a | Другие авторы | Питаевский Лев Петрович |
| e | Роль лиц | ред. | ||
| 910 | a | гриф есть* | ||
| 920 | a | Оператор | Стру | |
| 930 | a | Новая/Ретро | учебники | |
| 952 | c | Вид литературы | К ру | |
| 954 | a | Дата поступления на обработку | 20100427 |